ADVOCACY in English language teaching and learning

Shranjeno v:
Bibliografske podrobnosti
Format: Knjiga
Jezik:angleščina
Izdano: Routledge 2019
Oznake: Označite
Brez oznak, prvi označite!

MARC

LEADER 00000nam a22000007a 4500
008 210910b ||||| |||| 00| 0 eng d
020 |a 9781138489851 
245 |a ADVOCACY in English language teaching and learning  |c edited by Heather A. Limville and James Whiting  |g xviii,212p;ill 
250 |c Linville, Heather A. 
250 |c Whiting, James 
260 |b Routledge  |c 2019  |h New York  |i 696178  |i 696179  |l PE1128.A2Ad9  |m English language - Study and teaching - Foreign speakers  |m Social advocacy 
500 |a it includes references and index 
942 |a lcc  |c BK  |e Johnson  |f 10/09/21 
952 |0 0  |1 0  |2 lcc  |4 0  |6 PE1128 A2 A D9  |7 0  |9 3528  |a ART  |b HOL  |c LP  |d 2021-09-10  |l 0  |o PE1128.A2Ad9  |p 2021-67257  |r 2021-09-10 00:00:00  |w 2021-09-10  |y BK 
952 |0 0  |1 0  |2 lcc  |4 0  |6 PE1128 A2 A D9  |7 0  |9 3529  |a HOL  |b HOL  |c LP  |d 2021-09-10  |l 0  |o PE1128.A2Ad9  |p 2021-67258  |r 2021-09-10 00:00:00  |w 2021-09-10  |y BK 
952 |0 0  |1 0  |2 lcc  |4 0  |6 PE1128 A2 A D9  |7 0  |9 3530  |a HOL  |b HOL  |c LP  |d 2021-09-10  |l 0  |o PE1128.A2Ad9  |p 2021-67259  |r 2021-09-10 00:00:00  |w 2021-09-10  |y BK 
999 |c 1749  |d 1749